Регионална библиотека "Любен Каравелов" - Русе

Египетският код (Запис номер 113548)

MARC детайли
000 -Лидер
Контролно поле с фиксирана дължина 02367nam a2200421 c 4500
003 - Код на организацията, давaща контролен номер
Контролно поле BLK
005 - Дата и час на последна редакция
Контролно поле 20241214102650.0
008 - Елементи от данни с фиксирана дължина
fixed length control field 180409b bul|||||r ||||||| ||bul||
010 ## - Наследен системен номер
LC control number KNG00118960000
020 ## - Международен стандартен номер на книга ISBN
Международен стандартен номер на книга ISBN 978-954-585-987-8
-- издат.: Бард
040 ## - Източник на каталожния запис
Идентификатор на билиотеката - собственик на записа BLK
041 ## - Код за език
Код за езика на текст/звукозапис или на отделно заглавие Български
Код за езика КДБФ Български
080 ## - УДК
Текстов определител УДК Паметници на културата на историческите периоди. Археологическите паметници. Старини
УДК код - определител по УДК 904
УДК определител (32)
УДК - код + определител 904(32)
080 ## - УДК
Текстов определител УДК История на Египет (до 640 г. н. е.)
УДК код - определител по УДК 932
УДК определител
УДК - код + определител 932
080 ## - УДК
Текстов определител УДК Разпространяване на научните знания - популяризиране на науката, занимателна наука, учение за явленията научно необяснени, заблуждения и фалшификации, илюзии и др. п., секретност на научните знания
УДК код - определител по УДК 001.9
УДК определител
УДК - код + определител 001.9
100 1# - Редна дума - Автор
Автор Бовал, Робърт
Авторска отговорност първи автор
R(LIN) 368828
139 ## - Редно поле
Редна дума Бювал, Робърт
Авторски знак Бю - Б 96
245 10 - Сведения за заглавието
Заглавие Египетският код
Редно поле (дума) * Робърт Бювал; Робърт Бовал; прев. Венцислав Божидаров Божилов.
257 ## - Страна на издаване
Страна на създаване/издаване Великобритания
260 ## - Област на издателските данни
-- София
Име на издателя, разпространителя и проч. Бард
Година на издаване 2009
300 ## - Физическа характеристика
Страници 352 с.
Илюстрации и др. с ил., 8 л. : ил.
Размери/Мащаб 21 см
380 ## - Жанр
Жанр История
490 1# - СЕРИИ (Колекции)
Име на серия Поредица Загадки и мистерии
500 ## - Общи забележки
Забележка Ориг. загл. The Egypt Code / Robert Bauval. - Авт. Робърт Бовал е известен като Робърт Бювал. - Бележки.
650 #4 - Допълнително описание по предмет – тема
Основно описание – тема или топоним Археологически паметници - Древен Египет
9 (RLIN) 256657
650 #4 - Допълнително описание по предмет – тема
Основно описание – тема или топоним Древен Египет - история
9 (RLIN) 245250
651 #4 - Допълнително описание по предмет - топоним
Географско понятие Древен Египет
9 (RLIN) 242280
653 ## - Ключова дума – ненормативна
Ключова дума Древен Египет
653 ## - Ключова дума – ненормативна
Ключова дума археологически паметници
700 1# - Други автори (авторска отговорност)
Лично име Бювал, Робърт
Автороска отговорност (Описва отношението между автора и произведението) *
9 (RLIN) 368829
700 ## - Други автори (авторска отговорност)
Лично име Божилов, Венцислав Божидаров
Звания и думи, свързани с автора Теодосиев, Стефан, 1968- (псевдоним)
Дати, свързани с автора 1968-
9 (RLIN) 367877
852 ## - Местоположение
Форматна сигнатура Цб 242511
856 4# - Електронен адрес и достъп
Електронен формат pdf - файл
Път до файла /url/
856 4# - Електронен адрес и достъп
Електронен формат pdf - файл
Път до файла /url/
942 ## - АРТИКУЛИ
Вид на библиотечния материал Книги
Скрит в OPAC Не
Koha issues (borrowed), all copies 5
944 ## - СЪЗДАВАНЕ И РЕДАКЦИЯ на ЗАПИСА
Създаване/Редакция Създаване
Дата на регистрацията/редакция 21.01.2009
Статус, дата на статуса Ренета Константинова
Служител, извършил регистрацията/редакцията 30546
944 ## - СЪЗДАВАНЕ И РЕДАКЦИЯ на ЗАПИСА
Създаване/Редакция Редакция
Дата на регистрацията/редакция 16.02.2016
Статус, дата на статуса ф /
Служител, извършил регистрацията/редакцията Людмила_Стоянова
999 ## - СИСТЕМНИ КОНТРОЛНИ НОМЕРА
Koha biblionumber 113548
Koha biblioitemnumber 113548
Наличности
Код за отписване Код за изгубен артикул Код за повреда Коз за рестрикции Код за отдаване Артикулен № Име на библиотеката - собственик Име на библиотеката, в която се намира в момента Статус (Текущо местоположение) Дата на вписване в системата Местоположение - отдел Цена в лева Инвентарен номер Систематично азбучна сигнатура Баркод Номер на екземпляра Цена в евро Служебна бележка Служебен тип на артикула
  Не е изгубен Не е повреден без рестрикции заемане за дома 181869 Регионална библиотека "Любен Каравелов" Русе Регионална библиотека "Любен Каравелов" Русе Заемна - подръчен фонд 2009-01-21 Заемна - подръчен фонд 14.99 120000732895 П 904/Б 96 120000732895 1 7.66 Дост: Pk Вид: Ф N: 296 Дата: 21.01.2009 Дата инв: 07.02.2018 Бележки инв: П2018 Книги
  Не е изгубен Не е повреден без рестрикции ползва се в читалня 181870 Регионална библиотека "Любен Каравелов" Русе Регионална библиотека "Любен Каравелов" Русе Хранилище 2011-07-07 Хранилище 14.99 120000751732 Цб 242511 120000751732 2 7.66 Дост: Dp Вид: Д N: 4 Дата: 24.01.2011 Книги
  Не е изгубен Не е повреден без рестрикции заемане за дома 181871 Регионална библиотека "Любен Каравелов" Русе Регионална библиотека "Любен Каравелов" Русе Заемна - подръчен фонд 2015-12-28 Заемна - подръчен фонд 14.99 120000796280 П 904/Б 96 120000796280 3 7.66 Дост: DA Вид: А N: 27 Дата: 28.12.2015 Дата инв: 07.02.2018 Бележки инв: П2018 Книги
Vip Innovations Ltd, Rousse, Bulgaria 2025